Statystyki dla Tytuły anime po postaciach by Appa

Kliknij tutaj aby rozwiązać quiz!

Ogólne statystyki

  • Ten quiz został rozwiązany 419 razy
  • Średni wynik to 10 z 17

Statystyki odpowiedzi

HintOdpowiedź% Poprawnych
Naruto uzumakiNaruto
99%
Light YagamiDeath Note
91%
Son GokūDragon Ball
89%
Ash KetchumPokemon
89%
Monkey D. LuffyOne Piece
88%
Mikasa AckermanAttack on Titan
83%
PicoBoku no Pico
82%
Ken KanekiTokyo ghoul
78%
Kirito/Kazuto KirigayaSword Art Online
74%
Natsu DragneelFairy Tail
63%
Koro-senseiAssassination Classroom
58%
Momonga/Ainz Ooal GownOverlord
46%
Issei HyoudouHigh School DxD
43%
Dan KusoBakugan
23%
Mamoru EndouInazuma Eleven
19%
Chiaki Kuriyama"0"
3%
Naofumi IwataniTate no Yuusha no Naragari
1%

Rozkład punktacji

Percentyl według liczby udzielonych odpowiedzi

Procent ludzi z każdym wynikiem

Twoja historia wyników

Nie rozwiązałeś tego quizu